| 000 | 00998nam a22002657a 4500 | ||
|---|---|---|---|
| 005 | 20170123162312.0 | ||
| 010 | _aB-080276 | ||
| 020 |
_c395.00 _a8181880005 |
||
| 035 | _aB-080276 | ||
| 037 | _bCen Lib/Ret | ||
| 040 |
_aDPL _bUR |
||
| 082 |
_a921 _bع ب د |
||
| 100 |
_aآر راماناتھن _9112155 |
||
| 245 |
_aکون ہے قلام : _cآر راماناتھن ؛ ترجمہ یس یم ظفر الی _bایک بے مثل انسان / |
||
| 246 |
_aKaun hai kalam : ek be masal insan / _bby E. Ramanathan ; translated by S.M. Zafar Ali |
||
| 260 |
_bاقف بک ڈپو _aنیی دہلی _c2003 |
||
| 270 |
_a3243, کچہ تاراچند دریاگنج _bنیی دہلی _e110002 |
||
| 300 |
_a296p. _c21cm(Hb) |
||
| 650 |
_aاردو ادب _9139061 |
||
| 650 |
_aاردو سوانح عمری _9139062 |
||
| 650 |
_aUrdu literature _9139063 |
||
| 650 |
_aUrdu biography _9511 |
||
| 700 |
_a یم ظفر الی _9112159 |
||
| 942 |
_2ddc _cUR _h921 _mع ب د |
||
| 999 |
_c106469 _d106469 |
||